Investigaciones del Centro de Estudios para el Adelanto de las Mujeres y la equidad de gňero (CEAMEG)

Bibliographic Details
Format: eBook
Language:Spanish
Published: Ciudad de Mx̌ico : Cm̀ara de Diputados, 201? -
Subjects:
Online Access:Acceso restringido

MARC

LEADER 00000nam a22000007a 4500
005 20171010122920.0
007 cr|||| ||||
008 171010c201x9999mx |||| s|||| 0|||b1spa d
035 |a 20451 
040 |a vLex 
090 |c 7107  |d 7107 
245 0 0 |a Investigaciones del Centro de Estudios para el Adelanto de las Mujeres y la equidad de gňero (CEAMEG)  |h [Recurso electrn̤ico] 
256 |a Servicio en ln̕ea 
260 |a Ciudad de Mx̌ico :  |b Cm̀ara de Diputados,  |c 201? - 
300 |a 1 recurso electrn̤ico 
310 |a Irregular 
506 |a Disponible solo en los productos indicados  |d vLex Global  |d vLex Global (Academic Edition, excluding Law Schools)  |d vLex Global (U.S. Academic Edition, Law Schools)  |d vLex Global (U.S. Academic Edition, excluding Law Schools)  |d vLex Global (Academic Edition, Law Schools) 
650 0 4 |a Estudios de mujeres  |z Mx̌ico 
650 0 4 |a Igualdad entre los gňeros  |z Mx̌ico 
740 0 |a vLex Revistas (Servicio en ln̕ea) 
856 4 0 |u http://vlex.com/source/investigaciones-del-centro-de-estudios-para-el-adelanto-de-las-mujeres-y-la-equidad-de-genero-ceameg--20451  |z Acceso restringido 
942 |c REV 
999 0 0 |a Women's studies 
999 0 0 |a Gender equality